Ce livre existe... ou pas! - Victor Hugo - Statistiques

Statistiques générales
  • Ce quiz a été pris 23 fois
  • Le résultat moyen est 4 sur 8
Statistiques - réponses
Question Réponse % Correct
Lequel n'existe pas ? Le Vent des Collines
86%
Lequel n'existe pas ? Carabella
59%
Lequel n'existe pas ? Ôde aux Aurores
59%
Lequel n'existe pas ? Le Voile du Destin
55%
Lequel n'existe pas ? La Symphonie des Brumes
36%
Lequel n'existe pas ? La Veuve de l’Aube
32%
Lequel n'existe pas ? Le Crépuscule des Cœurs
18%
Lequel n'existe pas ? Mémoires d’un Voyageur
18%
Aucun quiz correspondant
Distribution des résultats
% des personnes avec chaque résultat
Percentile par nombre de réponses
Votre historique - résultats
Vous n’avez pas pris ce quiz